Ideología: un enfoque multidisciplinario

Salvato in:
Dettagli Bibliografici
Autore principale: Dijk, Teun Adrianus van (Autore)
Natura: Libro
Lingua:spagnolo
Pubblicazione: Barcelona Gedisa 1999
Serie:Lingüística y Análisis del Discurso. Serie Cladema
Soggetti:
Tags: Aggiungi Tag
Nessun Tag, puoi essere il primo ad aggiungerne!!

MARC

LEADER 00000nam a2200000 a 4500
001 UCN0463
003 CL-VaPUC
008 010323e19990000SP |||||||||||||||||spa|d
020 |a 8474326761 
082 0 4 |a 140  |b DIJ  |2 21 
100 0 |a Dijk, Teun Adrianus van  |e author  |9 455713 
245 1 0 |a Ideología: un enfoque multidisciplinario 
300 |a 473 p 
942 |c BK 
945 |d 20010323 00:00:00  |a vberengu 
260 |a Barcelona  |b Gedisa  |c 1999 
650 0 |a Cognición   |9 270347 
650 0 |a Sociedad  |9 307903 
650 0 |a Discursos   |9 265028 
650 0 |a Ideologías  |9 255200 
583 |a last modification  |c 20010323 00:00:00  |k Rodrigo Vera 
490 0 |a Lingüística y Análisis del Discurso. Serie Cladema 
999 |c 294211  |d 294209 
952 |0 0  |1 0  |4 0  |6 140_000000000000000_DIJ_1999  |7 0  |8 A  |9 346189  |a FDOPOS  |b FDOPOS  |d 2019-11-20  |i 3701344  |o 140 DIJ 1999  |p 3701344  |r 2025-01-22  |w 2019-11-20  |y BK  |k MLA 
952 |0 0  |1 0  |4 0  |6 140_000000000000000_DIJ_1999  |7 0  |8 A  |9 346190  |a BIBGIM  |b BIBGIM  |d 2019-11-20  |i 4012194  |o 140 DIJ 1999  |p 4012194  |r 2025-01-15  |w 2019-11-20  |y BK  |k GIM